=LDR 00000nam 2200000 4500 =001 INLIS000000000045216 =005 20241001012350 =035 ##$$a 0010-011500000000042 =008 241001################b##########0#ind## =082 ##$$a F Rom K =090 ##$$a f rom k $b yan a =100 ##$$a Yaniar, Renny =245 1#$$a Arunia dan dua pangeran /$c Renny Yaniar =260 ##$$a Jakarta :$b Gramedia Pustaka Utama,$c 2006 =300 ##$$a 24 hlm : $b ilus. ; $c 20 X 20 cm. =850 ##$$a NBPMAT =020 ##$$a 979-22-2071-2 =084 ##$$a F Rom K YAN a =990 ##$$a 0001/BPAP-NTB/20142015 =990 ##$$a 0001/BPAP-NTB/20142015